Heritage of pharmacy in Asia, (Record no. 90782)

MARC details
000 -LEADER
fixed length control field 00730cam a22002411 4500
001 - CONTROL NUMBER
control field sg 46000173
003 - CONTROL NUMBER IDENTIFIER
control field DLC
005 - DATE AND TIME OF LATEST TRANSACTION
control field 20260227112749.0
008 - FIXED-LENGTH DATA ELEMENTS--GENERAL INFORMATION
fixed length control field 810725m19461946xx b 000 0 eng
010 ## - LIBRARY OF CONGRESS CONTROL NUMBER
LC control number sg 46000173
035 ## - SYSTEM CONTROL NUMBER
System control number (OCoLC)14748791
040 ## - CATALOGING SOURCE
Original cataloging agency DLC
Transcribing agency DNLM
Modifying agency DLC
042 ## - AUTHENTICATION CODE
Authentication code premarc
050 00 - LIBRARY OF CONGRESS CALL NUMBER
Classification number RS61
Item number .C57
060 0# - NATIONAL LIBRARY OF MEDICINE CALL NUMBER
Classification number QV 11
Item number JA1 C6h 1946
100 1# - MAIN ENTRY--PERSONAL NAME
Personal name Colle, Henry.
245 10 - TITLE STATEMENT
Title Heritage of pharmacy in Asia,
Statement of responsibility, etc. by Henry Colle ...
260 ## - PUBLICATION, DISTRIBUTION, ETC.
Place of publication, distribution, etc. [San Francisco?]
Date of publication, distribution, etc. c1946.
300 ## - PHYSICAL DESCRIPTION
Extent 2 v. in 1.
500 ## - GENERAL NOTE
General note Type-written.
504 ## - BIBLIOGRAPHY, ETC. NOTE
Bibliography, etc. note Includes bibliographies.
505 0# - FORMATTED CONTENTS NOTE
Formatted contents note Contents.--v. 1. India, Persia, and the Islamic world (Arabia)--v. 2. China, Russia, Japan, Korea, the Dutch East Indies.

No items available.

Powered by Koha